| 000 | 00674nam a22001937a 4500 | ||
|---|---|---|---|
| 999 |
_c170086 _d170086 |
||
| 005 | 20191210164957.0 | ||
| 010 | _a1819CHEN B-731119 | ||
| 020 |
_a9788188536597 _c475.00 |
||
| 035 | _aB-731119 | ||
| 037 | _bGurukul Vidyapeeth | ||
| 082 | _a910 | ||
| 100 | _aSinghal, A.K. | ||
| 245 |
_aGeography : _bmultiple questions and answers / _cby A.K. Singhal |
||
| 260 |
_aDelhi _bGurukul Vidyapeeth Prakashan _c2018 |
||
| 270 |
_aC-9/175, Yamuna Vihar _bDelhi _e110053 |
||
| 300 |
_a168p.: _c22cm(Hb) |
||
| 942 |
_2ddc _cEN _mSIN _h910 |
||